Logo BPK

Biblioteka

Politechniki Koszalińskiej

Johann Joseph Fux und seine Zeit : (Rekord nr 34763)

Szczegóły MARC
000 -ETYKIETA REKORDU
podpole kontrolne o stałej długości 00915nam a2200265 i 4500
001 - NUMER KONTROLNY REKORDU
pole kontrolne bg
020 ## - MIĘDZYNARODOWY ZNORMALIZOWANY NUMER KSIĄŻKI - ISBN
ISBN 3890072313
040 ## - ŹRÓDŁO KATALOGOWANIA
Instytucja, która utworzyła rekord BPK
041 0# - KOD JĘZYKA
Kod języka tekstu de
080 ## - UNIWERSALNA KLASYFIKACJA DZIESIĘTNA - UKD
UKD 929-052A/Z:7.034.7(4)](061)
920 ## - Międzynarodowy znormalizowany numer książki – ISBN
ISBN 3-89007-231-3
008 - POLE O STAŁEJ DŁUGOŚCI - DANE KONTROLNE
podpole kontrolne o stałej długości s pl f |000 0 pol
245 00 - TYTUŁ/ODPOWIEDZIALNOŚĆ
Tytuł Johann Joseph Fux und seine Zeit :
Ciąg dalszy tytułu Kultur, Kunst und Musik im Spätbarock /
Pozostałe elementy strefy tytułu i oznaczenia odpowiedzialności hrsg. von Arnfried Edler und Friedrich W. Riedel.
260 ## - STREFA ADRESU WYDAWNICZEGO
Miejsce wydania [Hannower] :
Nazwa wydawcy/dystrybutora Laaber,
Data publikacji, dystrybucji/powstania dokumentu cop. 1996.
300 ## - STREFA OPISU FIZYCZNEGO
Objętość 240 s. ;
Rozmiary fot., il., nuty +
Dokument towarzyszący 24 cm.
490 1# - STREFA SERII I DOKUMENTU WIELOCZĘŚCIOWEGO - FORMA NIE DO WYSZUKIWANIA
Tytuł i oznaczenie odpowiedzialności serii Publikationen der Hochschule für Musik und Theater Hannower ;
Numeracja w obrębie serii Bd. 7
504 ## - UWAGA DOTYCZĄCA BIBLIOGRAFII
Informacje o bibliografii Indeksy.
600 19 - HASŁO PRZEDMIOTOWE W FORMIE NAZWY OSOBOWEJ
Nazwa osobowa Fux Johann Joseph 1660-1741
650 #9 - HASŁO PRZEDMIOTOWE W FORMIE NAZWY OGÓLNEJ LUB JEDNOSTKOWEJ
Nazwa ogólna lub geograficzna Barok
Określnik geograficzny Europa
655 ## - TERMIN INDEKSOWY - OKREŚLENIE RODZAJU/FORMY DOKUMENTU
Określenie rodzaju/formy dokumentu Materiały konferencyjne
700 1# - HASŁO DODATKOWE - NAZWA OSOBOWA
Nazwa osobowa EDLER, Arnfried.
Określenie związku między hasłem a opisywanym materiałem Red.
700 1# - HASŁO DODATKOWE - NAZWA OSOBOWA
Nazwa osobowa RIEDEL, Friedrich W.
Określenie związku między hasłem a opisywanym materiałem Red.
830 ## - HASŁO DODATKOWE SERII LUB DOKUMENTU WIELOCZĘŚCIOWEGO - TYTUŁ UJEDNOLICONY
Tytuł ujednolicony Publikationen der Hochschule für Musik und Theater Hannower ;
856 ## - LOKALIZACJA I DOSTĘP DO ELEKTRONICZNYCH DOKUMENTÓW ZDALNYCH
Link (URL) http://koha.tu.koszalin.pl/cgi-bin/koha/opac-detail.pl?biblionumber=34763
Tekst linku Katalog online BPK
942 ## - DODATKOWE ELEMENTY (KOHA)
Typ dokumentu Książka
Egzemplarze
Wycofany Status egzemplarza Uszkodzony Dostępność Lokalizacja stała Lokalizacja bieżąca Miejsce przechowywania Sygnatura Kod kreskowy Typ dokumentu
      Dostępny Biblioteka Politechniki Koszalińskiej Biblioteka Politechniki Koszalińskiej Wypożyczalnia BG 48505 01418200 Książka
© 2023 Biblioteka Politechniki Koszalińskiej :: KOHA